00221nam a2200097Ia 4500008004100000100001600041245002200057250000800079260002800087300000800115191201s2013 xx 000 0 und d aSINGH,Swarn 0aWorkshop Practice arep c2013bkatsonaNEW DELHI a257